Sistema virtual'nych mašin dlja JES EVM Spravočnik

Salvato in:
Dettagli Bibliografici
Natura: Libro
Lingua:russo
Pubblicazione: Moskva Finansy i statistika 1985
Tags: Aggiungi Tag
Nessun Tag, puoi essere il primo ad aggiungerne!!

MARC

LEADER 00000nam a2200000 4500
001 c033504
005 20260128071149.8
041 0 |a rus 
044 |a RU 
245 1 0 |a Sistema virtual'nych mašin dlja JES EVM  |b Spravočnik  |c Red. E.V. Kovalevič 
264 1 |a Moskva  |b Finansy i statistika  |c 1985 
300 |a 359 s.